000 00709cam a22002413a 4500
001 4681
003 PGUSA
005 20140828083103.0
008 031101s2003||||xxu|||||s|||||000 | eng d
040 _aPGUSA
_beng
042 _adc
050 4 _aML
100 1 _aNiecks, Frederick,
_d1845-1924
245 1 0 _aFrederick Chopin, as a Man and Musician — Volume 1
_h[electronic resource] /
_cFrederick Niecks
260 _bProject Gutenberg,
_c2003
506 _aPublic domain in the USA.
516 _aElectronic text
653 _aComposers -- Biography
653 _aChopin, Frédéric, 1810-1849
830 0 _aProject Gutenberg
_v4681
856 4 0 _uhttp://www.gutenberg.org/ebooks/4681
942 _cEB
999 _c234010
_d234010